| 000 | 01197cam a2200361 i 4500 | ||
|---|---|---|---|
| 001 | 26592 | ||
| 003 | Mx-PuUPA | ||
| 005 | 20250320153413.0 | ||
| 008 | 140415s2015 xxk dr 001 1 eng d | ||
| 020 | _a9781474602280 | ||
| 040 |
_cMx-PuUPA _aMx-PuUPA _bspa _dMx-PuUPA _erda |
||
| 041 | 1 |
_aeng _hdan |
|
| 100 | 1 |
_aGaarder, Jostein, _eautor |
|
| 240 | 1 | 0 |
_aSofies verden. _lInglés |
| 245 | 1 | 0 |
_aSophies world / _cJostein Gaarder ; translated by Paulette Moller |
| 250 | _a20th anniversary edition | ||
| 260 |
_a _b _c |
||
| 264 | 1 |
_aLondon : _bWeidenfeld & Nicolson, _c2015 |
|
| 300 |
_axvi, 444 páginas ; _c20 cm |
||
| 336 |
_2rdacontent _atexto _btxt |
||
| 337 |
_2rdamedia _asin medio _bn |
||
| 338 |
_2rdacarrier _avolumen _bnc |
||
| 502 | _a | ||
| 650 | 7 |
_2armarc _aAutores noruegos _x _ySiglo XX |
|
| 650 | 7 |
_2armarc _aFilosofía _xHistoria |
|
| 650 | 7 |
_2armarc _aLiteratura noruega _ySiglo XX |
|
| 650 | 7 |
_2armarc _aNovela noruega _ySiglo XX |
|
| 700 | 1 |
_aMoller, Paulette, _etraductor |
|
| 765 | 0 |
_aGaarder, Jostein _tSofies verden _dOslo : H. Aschehoug & Co, 1991 |
|
| 942 |
_2ddc _cLI _h839.82374 _iG513 |
||
| 999 |
_c26592 _d26592 |
||